Catalogue du Musee de la Nubie /
Main Author:
Format: Book
Language: French
Published:
Cairo :
[Ministry of Culture],
2003.
Subjects:
Tags: Add Tag
Call Number: DT59 .A89 N8313 2003
| LEADER | 00627namaa2200229 4500 | ||
|---|---|---|---|
| 001 | 13422 | ||
| 003 | OSt | ||
| 005 | 20260510045605.0 | ||
| 008 | 130303s2003 ua a c 000 0 fre d | ||
| 040 | |c ARCE Library | ||
| 043 | |a f-ua--- | ||
| 050 | 4 | |a DT59 .A89 N8313 2003 | |
| 100 | 1 | |a Gaballa, G. A., |e author | |
| 245 | 1 | 0 | |a Catalogue du Musee de la Nubie / |c [G. A. Gaballa]. |
| 264 | 1 | |a Cairo : |b [Ministry of Culture], |c 2003. | |
| 300 | |a 228 Pages : |b illustrations ; |c 23 cm. | ||
| 610 | 2 | 0 | |a Nubia Museum. |
| 651 | 0 | |a Nubia |x Antiquities. | |
| 651 | 0 | |a Nubia |x History. | |
| 901 | |a reviewed | ||
| 942 | |c BK |2 lcc | ||
| 999 | |c 13317 |d 13317 | ||
